Govt. of
Madhya Pradesh

Fear Of Small numbers (Record no. 15517)

MARC details
000 -LEADER
fixed length control field 005090000a22001930004500
001 - CONTROL NUMBER
control field 003619
003 - CONTROL NUMBER IDENTIFIER
control field MACL
005 - DATE AND TIME OF LATEST TRANSACTION
control field 20150911135643.0
008 - FIXED-LENGTH DATA ELEMENTS--GENERAL INFORMATION
fixed length control field 150911b xxu||||| |||| 00| 0 eng d
040 ## - CATALOGING SOURCE
Original cataloging agency MACL
Transcribing agency MACL
041 ## - LANGUAGE CODE
Language code of text/sound track or separate title English
082 ## - DEWEY DECIMAL CLASSIFICATION NUMBER
Classification number 823/APP
100 ## - MAIN ENTRY--PERSONAL NAME
Personal name Appaduri, Arjun
9 (RLIN) 10121
245 ## - TITLE STATEMENT
Title Fear Of Small numbers
Remainder of title An essay on the Geography of Anger
Statement of responsibility, etc. Arjun Appaduri
260 ## - PUBLICATION, DISTRIBUTION, ETC. (IMPRINT)
Place of publication, distribution, etc. Calcutta
Date of publication, distribution, etc. 2006
Name of publisher, distributor, etc. Seagull Books,
350 ## - PRICE (NR) (BK AM CF MU VM SE) [OBSOLETE]
Price 395
650 ## - SUBJECT ADDED ENTRY--TOPICAL TERM
Topical term or geographic name as entry element English Essay
9 (RLIN) 8946
942 ## - ADDED ENTRY ELEMENTS (KOHA)
Call number prefix 823
Koha item type Books
Source of classification or shelving scheme
Holdings
Withdrawn status Lost status Source of classification or shelving scheme Damaged status Not for loan Home library Current library Date acquired Cost, normal purchase price Total Checkouts Full call number Barcode Date last seen Uniform Resource Identifier Price effective from Koha item type
          MACL MACL 15/04/2015 395.00   823/APP CRE020997 02/05/2024 15414 15/04/2015 Books